000 01536cam a2200457 b4500
999 _c23105
_d23105
001 vtls011742512
005 20220131080518.0
008 200316s2018 xo er 000 fdslo
020 _a9788055157825
_q(viazané)
035 _aurn:nbn:sk:snk-am00dgmc
035 _aurn:nbn:sk:snk-am3i1mb
035 _a045C3B82-6E02-4C1A-9F9D-39982E7244EC
040 _aPOKPOH
_bslo
_cPOKPOH
_dSNK
_erda
041 1 _aslo
_heng
044 _axo
_cSK
072 7 _a821.111(73)-3
_xAmerická próza
_2konspekt
080 _a821.111(73)-31
_22011
080 _a(0:82-993)
_22011
100 1 _aWilder, Jasinda
_4aut
_91
240 1 0 _aMadame X - Exposed
_lSlovensky
245 1 0 _aMadam X
_pOdhalenie
_cJasinda Wilderová ; preložila Miriam Ghaniová
246 3 0 _aOdhalenie
264 1 _aBratislava
_bIkar
_c2018
300 _a311 strán
_c21 cm
336 _atext
_btxt
_2rdacontent
337 _abez média
_bn
_2rdamedia
338 _azväzok
_bnc
_2rdacarrier
500 _aNa záložke: druhá časť série Madam X ; na obale: Zlatá klietka sa otvára
500 _aPreložené z angličtiny
500 _aObsahuje biografické údaje o autorke na prebale knihy
655 7 _aamerické romány
_2SNKPH
_92
655 7 _aerotické romány
_2SNKPH
_94
655 7 _aAmerican novels
_2SNKPHeng
_91670
655 7 _aErotic novels
_2SNKPHeng
_95
700 1 _aGhaniová, Miriam
_c(prekladateľka)
_4trl
_96
958 _aNS
958 _aBC
958 _aLX
958 _aUP